00546nam a2200145 a 450000500170000000800410001705000250005810000150008324501090009850000190020765000200022694200080024699900190025495201270027320140414093838.0030923s19uu xx 00 eng d aVCD 791.43bMer 1998 aNeill, Sam aMerlin :bimagine a world where dreams come true ...and magic is real /cSam Niell, Isabella Rossellini. a(Disc 1, 2, 3) aMotion picture. cAVM c109117d109117 001040aLUXbLUXcAVd2003-09-23eLib. Fundg199.00l0oVCD 791.43 Mer 1998pAV0728r2014-04-14 00:00:00w2014-04-14yAVM